000 00443cam a22001091 4500
008 770326s1943 xx 000 0 eng
082 _a383.22
100 _aLindquist, H.L.
245 0 4 _aThe Stamp specialist brown book.
260 _a[New York,
_bH. L. Lindquist,
_c1943]
650 0 _a30 cents Black Imperforate of 1860|Confederate Notes|Democracy of Philately|Canada 17c 1859|Russia - The Small Head U.S.S.R|Colors of the 1861, 3c U.S. Design Stamp
999 _c3292
_d3292